[Event "26th EUR-ch"]
[Site "Katowice POL"]
[Date "2026.04.10"]
[Round "4.42"]
[White "Czernek, Tymon"]
[Black "Deac, Bogdan-Daniel"]
[Result "1/2-1/2"]
[WhiteElo "2401"]
[BlackElo "2655"]
[EventDate "2026.04.07"]
[PlyCount "54"]

1.e4 g6 2.d4 Bg7 3.f4 c5 4.dxc5 Qa5+ 5.c3 Qxc5 6.Qd3 Nf6 7.Be3 Qc6 8.e5 
Nd5 9.Nf3 d6 10.Na3 O-O 11.O-O-O Nxe3 12.Qxe3 dxe5 13.Nxe5 Qf6 14.Bc4 Nc6 
15.Nxc6 bxc6 16.Rhe1 a5 17.g3 e6 18.Qc5 a4 19.Rd3 Ba6 20.Bxa6 Rxa6 21.Red1
h6 22.Nc4 a3 23.b3 g5 24.Ne5 Qf5 25.Nd7 Re8 26.Qxf5 exf5 27.Nc5 Raa8 
1/2-1/2

[Event "26th EUR-ch"]
[Site "Katowice POL"]
[Date "2026.04.10"]
[Round "4.43"]
[White "Navara, David"]
[Black "Cukrowski, Filip"]
[Result "1/2-1/2"]
[WhiteElo "2643"]
[BlackElo "2400"]
[EventDate "2026.04.07"]
[PlyCount "126"]

1.d4 Nf6 2.c4 e6 3.Nc3 d5 4.cxd5 exd5 5.Bg5 Nbd7 6.e3 c6 7.Bd3 Be7 8.Nge2 
O-O 9.O-O Re8 10.a4 a5 11.f3 h6 12.Bh4 b6 13.e4 Nxe4 14.fxe4 Bxh4 15.exd5 
cxd5 16.Bb5 Bb7 17.Nf4 Bg5 18.Nfxd5 Rf8 19.Qf3 Kh8 20.Qd3 Nf6 21.Nxf6 Bxf6
22.Rad1 Qd6 23.d5 Be5 24.Kh1 Rad8 25.Qh3 Qc5 26.Bd7 Bxc3 27.bxc3 Bxd5 28.
Rd4 Bb7 29.Rfd1 Bc8 30.Qf3 Bxd7 31.Rxd7 Rxd7 32.Rxd7 Qc4 33.Rd4 Qb3 34.h3 
b5 35.axb5 Qxb5 36.c4 Qb2 37.Qd5 a4 38.c5 a3 39.Ra4 Qc2 40.Ra8 Qc1+ 41.Kh2
Qf4+ 42.g3 Qf2+ 43.Kh1 Qe1+ 44.Kh2 Qe2+ 45.Kh1 Re8 46.h4 Qe3 47.Kh2 Rxa8 
48.Qxa8+ Kh7 49.c6 Qf2+ 50.Kh3 Qf3 51.Kh2 h5 52.Qa5 Qe2+ 53.Kh3 Qe6+ 54.
Kh2 Qa2+ 55.Kh3 g6 56.c7 Qe6+ 57.Kh2 Qe2+ 58.Kh3 Qe4 59.Kh2 Qc2+ 60.Kg1 a2
61.c8=Q Qxc8 62.Qxa2 Qc5+ 63.Kh2 Qe7 1/2-1/2

[Event "26th EUR-ch"]
[Site "Katowice POL"]
[Date "2026.04.10"]
[Round "4.44"]
[White "Medhus, Vitus Bondo"]
[Black "Donchenko, Alexander"]
[Result "0-1"]
[WhiteElo "2401"]
[BlackElo "2642"]
[EventDate "2026.04.07"]
[PlyCount "110"]

1.e4 c6 2.d4 d5 3.f3 dxe4 4.fxe4 e5 5.Nf3 Bg4 6.c3 Nd7 7.Be2 Ngf6 8.Nbd2 
exd4 9.cxd4 Be7 10.Qc2 O-O 11.O-O c5 12.d5 Bh5 13.Nc4 Re8 14.a4 Nb6 15.d6 
Bxd6 16.Nxd6 Qxd6 17.Bb5 Rxe4 18.Ng5 Qd4+ 19.Kh1 Re7 20.Bd2 Bg6 21.Qc1 Ng4
22.Be1 a6 23.Nf3 Qd8 24.Bh4 axb5 25.Bxe7 Qxe7 26.Re1 Nf2+ 27.Kg1 Ne4 28.
axb5 Rxa1 29.Qxa1 c4 30.Qd1 Qc5+ 31.Qd4 Qxd4+ 32.Nxd4 Kf8 33.g4 Nc5 34.h4 
Nd3 35.Re2 h5 36.gxh5 Bxh5 37.Rc2 Bg6 38.b3 Nc5 39.Rc3 Nxb3 40.Nxb3 cxb3 
41.Rxb3 Ke7 42.Kf2 Kd6 43.Rg3 Nd5 44.Rg5 Nf4 45.Rg3 Ne6 46.Rc3 Bf5 47.Rf3 
Nd4 48.Rg3 g6 49.Rg5 Nxb5 50.h5 Nc3 51.Rg1 gxh5 52.Rh1 Bg6 53.Ke3 Ke5 54.
Rg1 Nd5+ 55.Kd2 b5 0-1

[Event "26th EUR-ch"]
[Site "Katowice POL"]
[Date "2026.04.10"]
[Round "4.45"]
[White "Demchenko, Anton"]
[Black "Kanov, Nikola"]
[Result "1/2-1/2"]
[WhiteElo "2636"]
[BlackElo "2398"]
[EventDate "2026.04.07"]
[PlyCount "123"]

1.Nf3 c5 2.c4 Nc6 3.Nc3 Nf6 4.g3 d5 5.cxd5 Nxd5 6.Bg2 Nc7 7.O-O e5 8.a3 f6
9.Rb1 a5 10.d3 Be6 11.Nd2 Be7 12.Nc4 O-O 13.f4 exf4 14.Bxf4 Ra6 15.Qb3 Qc8
16.Bxc7 Qxc7 17.Bd5 Nd8 18.Qb5 Bd6 19.Rf2 Kh8 20.a4 Bd7 21.Qb3 Be7 22.Be4 
Qb8 23.Nd5 Bd6 24.Qc3 Bc7 25.Rbf1 Bh3 26.Bg2 Bxg2 27.Kxg2 Re8 28.e4 Ne6 
29.Qc1 Nd4 30.Qd1 Rae6 31.Qh5 Kg8 32.Qg4 Kh8 33.h4 Qd8 34.h5 h6 35.Kh3 Bb8
36.Kg2 b6 37.Kh2 Rf8 38.Kg1 Rfe8 39.Kg2 Rf8 40.Kh2 Rfe8 41.Kh1 Rf8 42.Nce3
Be5 43.b3 Rfe8 44.Rg2 Bb8 45.Nf5 Nxf5 46.Rxf5 Be5 47.Ra2 Rd6 48.Qf3 Qd7 
49.Kg2 Rd8 50.Rc2 Qe6 51.g4 Kh7 52.Rc4 Qe8 53.Qd1 Qe6 54.Rf1 Kh8 55.Qf3 
R6d7 56.Rc2 Qc6 57.Kh3 Qb7 58.Ra2 Rd6 59.Rc2 R6d7 60.Ra2 Rd6 61.Rc2 R6d7 
62.Ra2 1/2-1/2

[Event "26th EUR-ch"]
[Site "Katowice POL"]
[Date "2026.04.10"]
[Round "4.46"]
[White "Balacek, Tadeas"]
[Black "Sargissian, Gabriel"]
[Result "1/2-1/2"]
[WhiteElo "2396"]
[BlackElo "2618"]
[EventDate "2026.04.07"]
[PlyCount "100"]

1.Nf3 Nf6 2.g3 b5 3.Bg2 Bb7 4.b3 e6 5.c4 b4 6.Bb2 Be7 7.O-O O-O 8.a3 a5 9.
axb4 axb4 10.Rxa8 Bxa8 11.d4 c5 12.Nbd2 cxd4 13.Qa1 Bb7 14.Nxd4 Qb6 15.
Bxb7 Qxb7 16.Qa4 Na6 17.Qb5 Qxb5 18.Nxb5 Ra8 19.Ra1 Ne8 20.Nf3 f6 21.Ne1 
Nac7 22.Rxa8 Nxa8 23.Nd3 Nac7 24.Nxc7 Nxc7 25.Bd4 Na6 26.Ba7 Kf7 27.e4 Ke8
28.Kf1 Kd8 29.Ke2 Kc7 30.f3 Kb7 31.Be3 Nb8 32.g4 Nc6 33.h3 Na5 34.Nc1 Kc6 
35.Kd3 d5 36.cxd5+ exd5 37.Bd2 Nb7 38.exd5+ Kxd5 39.Na2 Nc5+ 40.Ke3 Na6 
41.Kd3 g6 42.Be1 f5 43.gxf5 gxf5 44.Bd2 h5 45.Be1 Kc5 46.Bd2 Bf6 47.Be1 
Kb5 48.Ke3 Be5 49.Bd2 Bg3 50.Kd4 Nc7 1/2-1/2

[Event "26th EUR-ch"]
[Site "Katowice POL"]
[Date "2026.04.10"]
[Round "4.47"]
[White "Kiolbasa, Oliwia"]
[Black "Schoppen, Casper"]
[Result "1/2-1/2"]
[WhiteElo "2394"]
[BlackElo "2588"]
[EventDate "2026.04.07"]
[PlyCount "84"]

1.e4 c5 2.Nf3 e6 3.d4 cxd4 4.Nxd4 Nc6 5.Nc3 Qc7 6.f4 a6 7.Nxc6 Qxc6 8.Bd3 
b5 9.a3 Bb7 10.Qe2 Nf6 11.Bd2 b4 12.axb4 Bxb4 13.e5 Nd5 14.Nxd5 Bxd2+ 15.
Qxd2 Qxd5 16.O-O Qd4+ 17.Qf2 Qxf2+ 18.Kxf2 Ke7 19.Ra4 Rhc8 20.Rfa1 f6 21.
exf6+ gxf6 22.Rb4 Rc7 23.Ra5 d5 24.c3 Rd8 25.Bxa6 Ra8 26.Rba4 d4 27.Bxb7 
Rxa5 28.Rxa5 Rxb7 29.cxd4 Rxb2+ 30.Kf3 Rb3+ 31.Kg4 Rb2 32.Ra7+ Kd6 33.Rxh7
Rxg2+ 34.Kf3 Rd2 35.Ke3 Ra2 36.h4 Ra3+ 37.Kf2 Kd5 38.Rh6 Kxd4 39.Rxf6 e5 
40.fxe5 Kxe5 41.Rf3 Rxf3+ 42.Kxf3 Kf5 1/2-1/2

[Event "26th EUR-ch"]
[Site "Katowice POL"]
[Date "2026.04.10"]
[Round "4.48"]
[White "Lupulescu, Constantin"]
[Black "Povshednyi, Ivan"]
[Result "1-0"]
[WhiteElo "2587"]
[BlackElo "2391"]
[EventDate "2026.04.07"]
[PlyCount "77"]

1.e4 c6 2.d4 d5 3.e5 Bf5 4.h4 h6 5.Bd3 Bxd3 6.Qxd3 e6 7.h5 c5 8.c3 Nc6 9.
Ne2 Qb6 10.Kf1 Nge7 11.Na3 cxd4 12.cxd4 Nb4 13.Qd1 Qa6 14.Rh3 Nec6 15.Kg1 
Rc8 16.Bd2 Na5 17.Rg3 Nbc6 18.Nc2 Nc4 19.Bc3 b5 20.a3 Qb7 21.b3 Nxa3 22.
Nxa3 b4 23.Bxb4 Nxb4 24.Rc1 Rxc1 25.Qxc1 Qa6 26.Nb5 Qxb5 27.Qc8+ Ke7 28.
Rc3 Na6 29.Rc6 Qb8 30.Qxa6 Kd7 31.Qa4 Kd8 32.Nc3 Bb4 33.Na2 a5 34.Nxb4 
Qxb4 35.Rd6+ Kc7 36.Qc6+ Kb8 37.Qa6 Kc7 38.Qa7+ Kc8 39.Rc6+ 1-0

[Event "26th EUR-ch"]
[Site "Katowice POL"]
[Date "2026.04.10"]
[Round "4.49"]
[White "Amar, Elham"]
[Black "Sherman, Raem"]
[Result "1-0"]
[WhiteElo "2586"]
[BlackElo "2391"]
[EventDate "2026.04.07"]
[PlyCount "75"]

1.e4 e5 2.Nf3 Nc6 3.Bb5 a6 4.Ba4 Nf6 5.O-O Be7 6.d3 b5 7.Bb3 d6 8.a3 O-O 
9.Nc3 Be6 10.Nd5 Na5 11.Nxf6+ Bxf6 12.Bxe6 fxe6 13.b4 Nc6 14.Be3 d5 15.c4 
bxc4 16.dxc4 dxe4 17.Qxd8 Rfxd8 18.Nd2 Nd4 19.Nxe4 Nc2 20.Ra2 Nxe3 21.fxe3
Be7 22.Kf2 a5 23.b5 Rd3 24.a4 Bb4 25.Rb1 Rad8 26.Ke2 Kf8 27.c5 Ke7 28.c6 
R3d5 29.Rc2 h6 30.Rf1 Rh8 31.Rf3 Rhd8 32.Rg3 Kf7 33.Rc1 Be7 34.Rf1+ Kg8 
35.Rg6 Rf8 36.Rxf8+ Kxf8 37.b6 Rd8 38.b7 1-0

[Event "26th EUR-ch"]
[Site "Katowice POL"]
[Date "2026.04.10"]
[Round "4.50"]
[White "Rubes, Jan"]
[Black "Petrosian, Manuel"]
[Result "1/2-1/2"]
[WhiteElo "2393"]
[BlackElo "2584"]
[EventDate "2026.04.07"]
[PlyCount "67"]

1.Nf3 Nf6 2.c4 b6 3.g3 c5 4.Bg2 Bb7 5.O-O g6 6.b3 Bg7 7.Bb2 O-O 8.Nc3 a6 
9.Rc1 b5 10.d3 d6 11.Qd2 Nbd7 12.e4 Ng4 13.Nh4 Nge5 14.Nd1 Nc6 15.Bxg7 
Kxg7 16.Ne3 Nd4 17.f4 bxc4 18.Rxc4 a5 19.Nf3 e5 20.Rcc1 f6 21.Nc4 Nxf3+ 
22.Rxf3 Nb8 23.fxe5 dxe5 24.Qf2 Nc6 25.Qxc5 Nd4 26.Rf2 Rc8 27.Qa3 Ba6 28.
Bh3 Rc6 29.Rb1 Bxc4 30.bxc4 Rf7 31.Rfb2 Qc7 32.Kh1 Qa7 33.Qc3 Qc5 34.a4 
1/2-1/2

[Event "26th EUR-ch"]
[Site "Katowice POL"]
[Date "2026.04.10"]
[Round "4.51"]
[White "Svanda, Ondrej"]
[Black "Socko, Bartosz"]
[Result "1/2-1/2"]
[WhiteElo "2385"]
[BlackElo "2584"]
[EventDate "2026.04.07"]
[PlyCount "78"]

1.e4 e5 2.Nf3 Nc6 3.Bb5 Nf6 4.O-O Nxe4 5.Re1 Nd6 6.Nxe5 Nxe5 7.Rxe5+ Be7 
8.Bf1 O-O 9.d4 Bf6 10.Re1 Re8 11.Bf4 Rxe1 12.Qxe1 Ne8 13.c3 d5 14.Nd2 Nd6 
15.Qe3 Be6 16.Nf3 Nf5 17.Qd2 Nh4 18.Nxh4 Bxh4 19.Bd3 Qd7 20.Bg5 Bxg5 21.
Qxg5 Re8 22.Re1 Qd8 23.Qxd8 Rxd8 24.f4 g6 25.Kf2 Kg7 26.Kf3 h5 27.g3 Kf6 
28.Re5 Bg4+ 29.Kf2 a5 30.h4 a4 31.Ke3 Rd6 32.Kd2 Be6 33.Kc1 Bd7 34.Bc2 b6 
35.Kd2 b5 36.a3 c6 37.Ke3 Bf5 38.Bxf5 gxf5 39.Kf3 Rd8 1/2-1/2

[Event "26th EUR-ch"]
[Site "Katowice POL"]
[Date "2026.04.10"]
[Round "4.52"]
[White "Yilmaz, Mustafa"]
[Black "Kiladze, Luka"]
[Result "1/2-1/2"]
[WhiteElo "2582"]
[BlackElo "2380"]
[EventDate "2026.04.07"]
[PlyCount "123"]

1.d4 d5 2.c4 e6 3.Nf3 Nf6 4.Nc3 a6 5.cxd5 exd5 6.Bg5 Be6 7.e3 Nbd7 8.h3 
Bd6 9.Bd3 c6 10.Bf4 Qc7 11.Bxd6 Qxd6 12.O-O O-O 13.Re1 Rfe8 14.Qc2 g6 15.
Rac1 Nh5 16.Qd2 Ndf6 17.Na4 Ne4 18.Qc2 Re7 19.Nc5 Nxc5 20.Qxc5 Qxc5 21.
dxc5 a5 22.Rc3 Ng7 23.Rec1 Bf5 24.Bf1 a4 25.Ra3 Ree8 26.Be2 Re4 27.g4 Bd7 
28.Ne1 Ne6 29.f3 Rb4 30.b3 Nc7 31.Nc2 Nb5 32.Bxb5 Rxb5 33.b4 b6 34.cxb6 c5
35.b7 Rb8 36.Rxa4 R5xb7 37.Ra5 d4 38.exd4 cxb4 39.Na1 Re8 40.Kf2 Bb5 41.
Rc2 Bd3 42.Rd2 Bc4 43.Rc5 Ba6 44.Nb3 Rbe7 45.Rcc2 Re1 46.Nc5 Rf1+ 47.Kg2 
Bb5 48.Rb2 Ree1 49.Rxb4 Rg1+ 50.Kf2 Rgf1+ 51.Kg3 Rg1+ 52.Kf4 Be8 53.Ne4 
Kg7 54.Rb8 Bc6 55.d5 Bd7 56.g5 h6 57.h4 Rh1 58.Nf6 Rxh4+ 59.Kg3 hxg5 60.
Nxd7 f5 61.Kf2 Re7 62.Kg2 1/2-1/2

[Event "26th EUR-ch"]
[Site "Katowice POL"]
[Date "2026.04.10"]
[Round "4.53"]
[White "Niedbala, Bartlomiej"]
[Black "Acs, Peter"]
[Result "0-1"]
[WhiteElo "2382"]
[BlackElo "2573"]
[EventDate "2026.04.07"]
[PlyCount "96"]

1.e4 c5 2.Nf3 e6 3.d4 cxd4 4.Nxd4 a6 5.Bd3 Bc5 6.Nb3 Ba7 7.Bf4 d6 8.Qd2 
Nf6 9.Nc3 e5 10.Bg5 Be6 11.O-O-O h6 12.Be3 Bxe3 13.Qxe3 O-O 14.Be2 Nc6 15.
Kb1 Rc8 16.Rd2 Bxb3 17.cxb3 Nd4 18.Bd3 Rc6 19.Ne2 Qa5 20.Nxd4 exd4 21.Qe2 
Re8 22.Rc2 Rxc2 23.Qxc2 d5 24.exd5 Nxd5 25.a3 Nf4 26.b4 Qd5 27.f3 Nxd3 28.
Qxd3 Re3 29.Qd2 Qf5+ 30.Ka1 Qe5 31.Rd1 d3 32.Qc3 Qd5 33.Qc8+ Kh7 34.Qc5 
Qb3 35.Qxe3 Qxd1+ 36.Ka2 Qe2 37.Qf4 Qe6+ 38.Kb1 g6 39.Qd2 Qe2 40.Kc1 Qf1+ 
41.Qd1 Qxg2 42.Qxd3 Qh1+ 43.Kc2 Qxh2+ 44.Kb3 Qe5 45.a4 h5 46.Ka3 Qf5 47.
Qe3 h4 48.f4 h3 0-1

[Event "26th EUR-ch"]
[Site "Katowice POL"]
[Date "2026.04.10"]
[Round "4.54"]
[White "Dudin, Gleb"]
[Black "Vagman, Roy"]
[Result "1-0"]
[WhiteElo "2566"]
[BlackElo "2377"]
[EventDate "2026.04.07"]
[PlyCount "71"]

1.e4 c5 2.c3 d5 3.exd5 Qxd5 4.d4 Nc6 5.Nf3 Bf5 6.dxc5 Qxd1+ 7.Kxd1 O-O-O+ 
8.Ke1 e6 9.b4 Be7 10.Bg5 Nf6 11.Nbd2 h6 12.Bh4 g5 13.Bg3 Nd5 14.Rc1 Bf6 
15.b5 g4 16.bxc6 gxf3 17.cxb7+ Kxb7 18.Bd6 Nxc3 19.gxf3 Nxa2 20.Rc4 a5 21.
Ne4 Bxe4 22.fxe4 Bc3+ 23.Ke2 e5 24.Kf3 Bb4 25.c6+ Kb6 26.Bxe5 f6 27.Bf4 
Rh7 28.c7 Rc8 29.Rg1 Rcxc7 30.Bxc7+ Rxc7 31.Rg6 Rf7 32.e5 Be7 33.Rc8 Kb7 
34.Bc4 Rh7 35.Rcg8 Nb4 36.R6g7 1-0

[Event "26th EUR-ch"]
[Site "Katowice POL"]
[Date "2026.04.10"]
[Round "4.55"]
[White "Vykouk, Jan"]
[Black "Talu, Mircea"]
[Result "1/2-1/2"]
[WhiteElo "2553"]
[BlackElo "2371"]
[EventDate "2026.04.07"]
[PlyCount "141"]

1.e4 e5 2.Nf3 Nc6 3.Bb5 a6 4.Ba4 Nf6 5.O-O Be7 6.d3 b5 7.Bb3 d6 8.Bd2 O-O 
9.h3 Rb8 10.a3 Be6 11.Bxe6 fxe6 12.Nc3 Qe8 13.Be3 Nh5 14.Nh2 g5 15.Kh1 Qg6
16.g3 Rbd8 17.Ne2 d5 18.f3 Nd4 19.Bxd4 exd4 20.e5 c5 21.Qe1 Rc8 22.Rd1 Kh8
23.Qf2 Bd8 24.f4 gxf4 25.gxf4 Ng7 26.Rg1 Qh6 27.Qf3 Nf5 28.Ng4 Qh4 29.Rdf1
Rc7 30.Nh2 Rcf7 31.Rf2 Ne7 32.Rfg2 Ng6 33.Rxg6 hxg6 34.Rxg6 Bg5 35.Qg4 
Qxg4 36.Nxg4 Bxf4 37.Nxf4 Rxf4 38.Kg2 Rf1 39.Rxe6 Rc1 40.Re7 Rxc2+ 41.Kg3 
Rc1 42.Rd7 c4 43.Nf6 Rg1+ 44.Kf2 Rg7 45.Rxd5 cxd3 46.Rxd4 Rg5 47.Rd7 Rg7 
48.Rxd3 Re7 49.Re3 Kg7 50.Kf3 Kf7 51.Kf4 Rc7 52.Kf5 Rc2 53.b4 Rf2+ 54.Kg4 
Ke6 55.Kg3 Rf5 56.Ng4 Kd5 57.h4 Kd4 58.e6 Re8 59.e7 Rf7 60.Re6 Rexe7 61.
Rxa6 Rg7 62.Rd6+ Kc3 63.Kf4 Re1 64.Ne5 Rf1+ 65.Ke4 Kb3 66.Rd3+ Kb2 67.Kd5 
Rh1 68.Kc6 Rxh4 69.Re3 Rh5 70.Kb6 Ka2 71.Nc6 1/2-1/2

[Event "26th EUR-ch"]
[Site "Katowice POL"]
[Date "2026.04.10"]
[Round "4.56"]
[White "Sanal, Vahap"]
[Black "Godart, Francois"]
[Result "1-0"]
[WhiteElo "2551"]
[BlackElo "2369"]
[EventDate "2026.04.07"]
[PlyCount "87"]

1.Nf3 d5 2.b3 c5 3.e3 Nf6 4.Bb2 g6 5.c4 Bg7 6.cxd5 Qxd5 7.Bc4 Qd8 8.O-O 
O-O 9.h3 Nc6 10.Qe2 b6 11.Rd1 Bb7 12.d4 cxd4 13.Nxd4 Nxd4 14.Bxd4 Qc7 15.
Nd2 Rad8 16.Nf3 Nd7 17.Rac1 Qb8 18.Bxg7 Bxf3 19.Qxf3 Kxg7 20.Qe4 e6 21.
Qd4+ Kg8 22.Bb5 Nc5 23.Qh4 a5 24.Be2 Rxd1+ 25.Rxd1 Qe5 26.Rd4 Qf5 27.Bc4 
Qc2 28.Kh2 b5 29.Qh6 bxc4 30.Rh4 Rd8 31.Qxh7+ Kf8 32.Qh6+ Ke8 33.Qg5 Nb7 
34.Qb5+ Rd7 35.Rd4 Nc5 36.Rxc4 Qxf2 37.Qxc5 Qxa2 38.Qe5 Qa3 39.Qh8+ Ke7 
40.Qh4+ Kd6 41.Qg5 f5 42.Qf6 Qxb3 43.Qd4+ Ke7 44.Qg7+ 1-0

[Event "26th EUR-ch"]
[Site "Katowice POL"]
[Date "2026.04.10"]
[Round "4.57"]
[White "Kurmann, Oliver"]
[Black "Can, Emre"]
[Result "0-1"]
[WhiteElo "2377"]
[BlackElo "2546"]
[EventDate "2026.04.07"]
[PlyCount "84"]

1.e4 c5 2.Nf3 d6 3.d4 cxd4 4.Nxd4 Nf6 5.Nc3 a6 6.Bc4 e6 7.Be3 Nc6 8.Bb3 
Na5 9.f4 Nxb3 10.axb3 Be7 11.Qf3 Qc7 12.g4 h6 13.h4 e5 14.Nf5 Bxf5 15.exf5
Qc6 16.Qxc6+ bxc6 17.Rg1 h5 18.g5 Ng4 19.Ke2 d5 20.fxe5 Nxe3 21.Kxe3 Bc5+ 
22.Kf4 Bxg1 23.Rxg1 Rb8 24.Na2 Ke7 25.Rd1 a5 26.Rd4 f6 27.Nc1 fxe5+ 28.
Kxe5 Rhe8 29.Nd3 Kd7+ 30.Kf4 Kd6 31.Kf3 Re7 32.Nf4 Rf8 33.f6 gxf6 34.g6 
Re4 35.Rxe4 dxe4+ 36.Kxe4 f5+ 37.Kd4 Rg8 38.c3 c5+ 39.Ke3 Ke7 40.Kf3 Kf6 
41.Nd5+ Kg7 42.Kf4 Rd8 0-1

[Event "26th EUR-ch"]
[Site "Katowice POL"]
[Date "2026.04.10"]
[Round "4.58"]
[White "Nunez Gregoire, Daniel"]
[Black "Seemann, Jakub"]
[Result "0-1"]
[WhiteElo "2375"]
[BlackElo "2545"]
[EventDate "2026.04.07"]
[PlyCount "72"]

1.Nf3 d5 2.e3 Nf6 3.c4 e6 4.b3 Bd6 5.Bb2 O-O 6.d4 b6 7.Bd3 Bb7 8.O-O Nbd7 
9.Qe2 Ne4 10.Nc3 a6 11.a4 c5 12.cxd5 exd5 13.dxc5 bxc5 14.Bxe4 dxe4 15.Nd2
Qh4 16.g3 Qe7 17.Nc4 Bc7 18.Rfd1 Nf6 19.a5 Bc8 20.Na4 Rb8 21.Ncb6 Bxb6 22.
Bxf6 Qxf6 23.axb6 Qg6 24.Rdc1 Rd8 25.Rxc5 Bg4 26.Qxa6 h5 27.Qb5 Qf6 28.Re5
Rd2 29.Re8+ Kh7 30.Rf1 Qf3 31.Rxb8 Bh3 32.Qxh5+ Qxh5 33.b7 Qf3 34.Rh8+ 
Kxh8 35.b8=Q+ Kh7 36.g4 Qg2# 0-1

[Event "26th EUR-ch"]
[Site "Katowice POL"]
[Date "2026.04.10"]
[Round "4.59"]
[White "Warmerdam, Max"]
[Black "Aslanov, Umid"]
[Result "1/2-1/2"]
[WhiteElo "2545"]
[BlackElo "2368"]
[EventDate "2026.04.07"]
[PlyCount "83"]

1.Nf3 d5 2.b3 Nf6 3.Bb2 Bf5 4.g3 e6 5.Bg2 Be7 6.Nh4 Be4 7.f3 Bg6 8.Nxg6 
hxg6 9.e3 c5 10.Qe2 Nc6 11.f4 Rh7 12.d3 Rc8 13.c4 d4 14.Bxc6+ Rxc6 15.exd4
cxd4 16.O-O Rh5 17.Nd2 Kf8 18.Nf3 Ng4 19.h3 Rxh3 20.Kg2 Rh6 21.Bxd4 Rd6 
22.Bg1 Rxd3 23.Rad1 Rxd1 24.Rxd1 Qa5 25.c5 Rh5 26.Qc4 Bxc5 27.Rd7 Qxa2+ 
28.Nd2 b6 29.b4 Rh2+ 30.Kf3 Qxc4 31.Nxc4 Bxg1 32.Kxg4 Rg2 33.Ne5 f5+ 34.
Kf3 Rf2+ 35.Ke3 Rg2+ 36.Kf3 Rf2+ 37.Ke3 Rb2+ 38.Kf3 a5 39.Rd8+ Ke7 40.Nc6+
Kf7 41.Ne5+ Ke7 42.Nc6+ 1/2-1/2

[Event "26th EUR-ch"]
[Site "Katowice POL"]
[Date "2026.04.10"]
[Round "4.60"]
[White "Holtel, Jasper"]
[Black "Laurent-Paoli, Pierre"]
[Result "0-1"]
[WhiteElo "2370"]
[BlackElo "2542"]
[EventDate "2026.04.07"]
[PlyCount "110"]

1.c4 e6 2.g3 d5 3.Bg2 Nc6 4.Nf3 d4 5.O-O Nh6 6.e3 Nf5 7.e4 Nfe7 8.e5 d3 9.
b3 Nf5 10.Bb2 Qd7 11.Nc3 b6 12.a3 a5 13.Nb5 Bb7 14.Re1 Bc5 15.Bc3 O-O 16.
Qc1 Na7 17.b4 Nxb5 18.bxc5 Nxc3 19.Qxc3 bxc5 20.g4 Ne7 21.Re3 Rfd8 22.Ne1 
Bxg2 23.Rxd3 Bd5 24.cxd5 exd5 25.Qxc5 Ng6 26.h3 Nxe5 27.Re3 Re8 28.Rc1 c6 
29.Nf3 Nxf3+ 30.Rxf3 Ra6 31.Rcc3 h6 32.Rce3 a4 33.Qb4 Raa8 34.Rxe8+ Qxe8 
35.Re3 Qb8 36.Qc5 Qb5 37.Qd6 Qb6 38.Re7 Rf8 39.Rc7 Qb1+ 40.Kh2 Qd3 41.Qb4 
Qf3 42.Kg1 Re8 43.Re7 Rxe7 44.Qxe7 Qxh3 45.Qe8+ Kh7 46.Qd7 Qf3 47.Kf1 Qh1+
48.Ke2 Qe4+ 49.Kf1 Qe6 50.Qa7 Qxg4 51.Qxf7 Qg6 52.Qa7 Qd3+ 53.Kg2 Qxa3 54.
Qd4 Qe7 55.Qxa4 Qe4+ 0-1

[Event "26th EUR-ch"]
[Site "Katowice POL"]
[Date "2026.04.10"]
[Round "4.61"]
[White "Razafindratsima, Timothe"]
[Black "Luczak, Filip"]
[Result "1/2-1/2"]
[WhiteElo "2537"]
[BlackElo "2362"]
[EventDate "2026.04.07"]
[PlyCount "106"]

1.e4 g6 2.d4 Bg7 3.Nc3 d6 4.Be3 a6 5.g4 Nd7 6.h4 c5 7.h5 gxh5 8.gxh5 cxd4 
9.Bxd4 Bxd4 10.Qxd4 Ngf6 11.O-O-O Qb6 12.Qd2 Nc5 13.f3 Be6 14.Nge2 O-O-O 
15.Nf4 Kb8 16.Kb1 Rhg8 17.Be2 Rc8 18.h6 Ncd7 19.a3 Rg3 20.Qd4 Qxd4 21.Rxd4
Rcg8 22.Rdd1 Ne5 23.Nxe6 fxe6 24.f4 Ng6 25.Rhf1 e5 26.fxe5 Nxe5 27.Nd5 
Nxd5 28.exd5 Rh3 29.Rh1 Rgg3 30.Kc1 Kc7 31.a4 Kb6 32.b4 a5 33.bxa5+ Kxa5 
34.Kd2 Kb6 35.Rb1+ Kc7 36.Rhg1 Rxg1 37.Rxg1 Ng6 38.Bd3 Rxh6 39.a5 Ne5 40.
Rg7 Nxd3 41.Kxd3 Kd7 42.Rg8 Rh5 43.Kc4 Re5 44.Rb8 Kc7 45.Rh8 h5 46.Kd4 Rg5
47.c4 Rg4+ 48.Kc3 h4 49.Kb4 Rf4 50.Kb5 Re4 51.Kb4 Kd7 52.Kb5 Kc7 53.Kb4 
Kd7 1/2-1/2

[Event "26th EUR-ch"]
[Site "Katowice POL"]
[Date "2026.04.10"]
[Round "4.62"]
[White "Plichta, Kamil"]
[Black "Piorun, Kacper"]
[Result "1/2-1/2"]
[WhiteElo "2361"]
[BlackElo "2536"]
[EventDate "2026.04.07"]
[PlyCount "140"]

1.e4 c5 2.Nf3 e6 3.c3 Nf6 4.Bd3 d5 5.e5 Nfd7 6.Bc2 b6 7.O-O Ba6 8.Re1 Nc6 
9.Na3 Be7 10.Ba4 Bb7 11.d4 a6 12.Bc2 b5 13.Bb1 b4 14.Nc2 bxc3 15.bxc3 a5 
16.Ne3 cxd4 17.cxd4 Ba6 18.a3 Nb6 19.g3 Rb8 20.h4 h6 21.h5 Qc7 22.Kg2 Kd7 
23.Nf5 exf5 24.Bxf5+ Kd8 25.Bf4 Bc8 26.Bxc8 Rxc8 27.e6 Bd6 28.Bxd6 Qxd6 
29.exf7 Rf8 30.Ne5 Nxe5 31.dxe5 Qe6 32.Rb1 Rxf7 33.Qd4 Nc4 34.Rb5 Rd7 35.
a4 Ke8 36.f4 Na3 37.Rc5 Rcc7 38.f5 Qb6 39.e6 Rd8 40.f6 Nc2 41.f7+ Kf8 42.
Rxc2 Rxc2+ 43.Kh3 Qxd4 44.e7+ Kxf7 45.exd8=Q Rh2+ 46.Kxh2 Qf2+ 47.Kh3 Qxe1
48.Qxd5+ Qe6+ 49.Qxe6+ Kxe6 50.Kg4 Ke5 51.Kf3 Kd4 52.Kf4 Kc4 53.Kf5 Kb4 
54.Kg6 Kxa4 55.Kxg7 Kb5 56.Kxh6 a4 57.g4 a3 58.g5 a2 59.g6 a1=Q 60.g7 Qf6+
61.Kh7 Qf5+ 62.Kh6 Qe6+ 63.Kh7 Qf7 64.h6 Kc6 65.Kh8 Qf6 66.Kh7 Qe7 67.Kh8 
Qe5 68.Kh7 Qf5+ 69.Kh8 Qf6 70.Kh7 Qf7 1/2-1/2

[Event "26th EUR-ch"]
[Site "Katowice POL"]
[Date "2026.04.10"]
[Round "4.63"]
[White "Kempinski, Robert"]
[Black "Zielonka, Adam"]
[Result "1/2-1/2"]
[WhiteElo "2527"]
[BlackElo "2350"]
[EventDate "2026.04.07"]
[PlyCount "45"]

1.d4 Nf6 2.c4 e6 3.Nc3 Bb4 4.Nf3 d5 5.Qa4+ Nc6 6.e3 O-O 7.Bd2 dxc4 8.Bxc4 
Bd6 9.Qc2 e5 10.dxe5 Nxe5 11.Nxe5 Bxe5 12.f4 Bxc3 13.Bxc3 Ng4 14.Bd4 c5 
15.Bxc5 Re8 16.O-O b6 17.Bd4 Nxe3 18.Bxe3 Rxe3 19.Qf2 Re8 20.f5 Qf6 21.
Rad1 Bb7 22.Rd7 Re7 23.Rxe7 1/2-1/2

[Event "26th EUR-ch"]
[Site "Katowice POL"]
[Date "2026.04.10"]
[Round "4.64"]
[White "Bettalli, Francesco"]
[Black "Mastrovasilis, Dimitrios"]
[Result "1/2-1/2"]
[WhiteElo "2358"]
[BlackElo "2526"]
[EventDate "2026.04.07"]
[PlyCount "66"]

1.e4 e5 2.Nc3 Nc6 3.Bc4 Nf6 4.d3 Bc5 5.h3 d6 6.Nge2 Na5 7.O-O a6 8.a4 Nxc4
9.dxc4 Be6 10.Qd3 c6 11.a5 O-O 12.Rd1 Bb4 13.b3 Bxa5 14.Ba3 Bc7 15.Bxd6 
Bxd6 16.Qxd6 Qxd6 17.Rxd6 Rfd8 18.Rxd8+ Rxd8 19.Kf1 Kf8 20.Ke1 Ke7 21.Ra5 
Nd7 22.Nc1 Kd6 23.Nd3 f6 24.Ke2 Kc7 25.Ke3 Bf7 26.g3 g5 27.Ne2 h5 28.f4 
gxf4+ 29.gxf4 Rg8 30.h4 Kd6 31.f5 Rg4 32.Nf2 Rg8 33.Nd3 Rg4 1/2-1/2

[Event "26th EUR-ch"]
[Site "Katowice POL"]
[Date "2026.04.10"]
[Round "4.65"]
[White "Suleymanli, Suleyman"]
[Black "Petkov, Momchil"]
[Result "0-1"]
[WhiteElo "2348"]
[BlackElo "2517"]
[EventDate "2026.04.07"]
[PlyCount "160"]

1.d4 g6 2.Nf3 Bg7 3.g3 c5 4.c3 Qa5 5.Nbd2 cxd4 6.Nb3 Qb6 7.cxd4 Nf6 8.Bg2 
O-O 9.O-O d6 10.Bg5 Be6 11.Bxf6 Bxf6 12.e3 a5 13.Nfd2 a4 14.Nc1 Bf5 15.Ne4
Bg7 16.Nd3 Nc6 17.Nc3 Qa5 18.Rc1 Rfc8 19.Nd5 Qd8 20.a3 Bd7 21.b4 axb3 22.
Qxb3 b5 23.Qxb5 Nxd4 24.Rxc8 Rxc8 25.Qb6 Ne2+ 26.Kh1 e6 27.Re1 Nc3 28.
Qxd8+ Rxd8 29.Nxc3 Bxc3 30.Rc1 Bd2 31.Rc7 Bb5 32.Nb2 d5 33.Rc2 Be1 34.Kg1 
Rb8 35.Bf1 Be8 36.Nd3 Ba5 37.Ne5 Kg7 38.Nc6 Bxc6 39.Rxc6 Rb2 40.Bd3 Be1 
41.Bc2 Ra2 42.a4 Ra1 43.Ra6 Bc3+ 44.Kg2 Ra2 45.Bb1 Rb2 46.Rc6 Rxb1 47.Rxc3
Ra1 48.h4 Rxa4 49.Rc7 h6 50.Kf3 h5 51.Rd7 Kf6 52.Kg2 Ra2 53.Kf3 Rd2 54.Ra7
Rb2 55.Rd7 Rb8 56.Ra7 Rc8 57.Rd7 Rc2 58.Kg2 Rc3 59.Kf3 Rc8 60.Ra7 e5 61.
Ra5 Ke6 62.Ra7 Rc6 63.Ra5 Rc3 64.Ke2 d4 65.exd4 exd4 66.Ra8 Rc2+ 67.Kf3 
Kd5 68.Ra7 f5 69.Rd7+ Kc4 70.Rd6 d3 71.Rxg6 Re2 72.Rc6+ Kd5 73.Rc8 Re4 74.
Kg2 Kd4 75.f3 Re2+ 76.Kf1 Ke3 77.Re8+ Kxf3 78.Rd8 Rf2+ 79.Ke1 d2+ 80.Kd1 
Kxg3 0-1

[Event "26th EUR-ch"]
[Site "Katowice POL"]
[Date "2026.04.10"]
[Round "4.66"]
[White "Boruchovsky, Avital"]
[Black "Yeritsian, Hayk"]
[Result "1-0"]
[WhiteElo "2510"]
[BlackElo "2342"]
[EventDate "2026.04.07"]
[PlyCount "67"]

1.e4 c5 2.Nf3 Nc6 3.Bb5 g6 4.O-O Bg7 5.Re1 e5 6.Bxc6 bxc6 7.c3 Ne7 8.d4 
cxd4 9.cxd4 exd4 10.Nxd4 O-O 11.Nc3 Rb8 12.Rb1 c5 13.Nb3 Qc7 14.h4 c4 15.
Nd4 Rd8 16.Bg5 f6 17.Be3 d5 18.Qf3 dxe4 19.Qxe4 Qb7 20.Bf4 Qxe4 21.Rxe4 
Rb7 22.Rbe1 Bf8 23.Ndb5 Nf5 24.Rxc4 a6 25.Nc7 Rxb2 26.N7d5 Bg7 27.Ne4 Bb7 
28.Ndxf6+ Kh8 29.Ng5 Rf8 30.Re8 Nh6 31.Rxf8+ Bxf8 32.Be5 Rb1+ 33.Kh2 Bg7 
34.Rd4 1-0